Loading...
| Science - Physics | 0 | 5 | 1 | 3 | 45 | 64 | 99.20 | 0 | 0 | 6.90 | 21.59 |
| History - Other | 0 | 4 | 2 | 2 | 30 | 54 | 99.25 | 2 | 2 | 6.84 | 19.32 |
| Fine Arts - Painting and Sculpture | 0 | 3 | 1 | 0 | 25 | 63 | 70.33 | 1 | 3 | 11.52 | 25.00 |
| Philosophy | 0 | 3 | 1 | 0 | 25 | 74 | 86.33 | 0 | 2 | 6.42 | 15.91 |
| History - American | 0 | 2 | 0 | 0 | 20 | 96 | 96.50 | 0 | 0 | 3.97 | 9.09 |
| Science - Chemistry | 0 | 2 | 0 | 0 | 20 | 30 | 66.50 | 1 | 2 | 8.18 | 15.91 |
| Social Science | 0 | 3 | 2 | 2 | 20 | 82 | 105.33 | 0 | 1 | 3.18 | 11.36 |
| Science - Biology | 0 | 2 | 0 | 1 | 20 | 70 | 88.00 | 0 | 0 | 3.31 | 6.82 |
| Science - Other | 0 | 3 | 2 | 1 | 20 | 91 | 108.33 | 0 | 1 | 2.68 | 14.77 |
| Literature - American | 0 | 2 | 1 | 0 | 15 | 93 | 99.00 | 0 | 0 | 6.27 | 7.95 |
| Geography | 0 | 1 | 0 | 0 | 10 | 94 | 94.00 | 0 | 0 | 13.57 | 25.00 |
| Popular Culture | 0 | 1 | 0 | 0 | 10 | 66 | 66.00 | 0 | 1 | 26.92 | 43.75 |
| Literature - World | 0 | 1 | 1 | 0 | 5 | 40 | 40.00 | 0 | 1 | 6.25 | 7.95 |
| Literature - European | 0 | 1 | 1 | 0 | 5 | 108 | 108.00 | 0 | 0 | 2.46 | 2.27 |
| Mythology | 0 | 1 | 1 | 0 | 5 | 86 | 86.00 | 0 | 1 | 3.43 | 7.95 |
| History - European | 0 | 1 | 2 | 0 | 0 | 112 | 112.00 | 1 | 1 | 1.01 | 9.09 |
| Fine Arts - Other | 0 | 1 | 2 | 1 | 0 | 116 | 116.00 | 0 | 0 | 0.00 | 1.14 |
| Fine Arts - Classical Music | 0 | 0 | 1 | 0 | -5 | 0.00 | 0 | 0 | 0.00 | 0.00 | |
| Other Academic | 0 | 0 | 1 | 0 | -5 | 0.00 | 0 | 0 | 0.00 | 0.00 | |
| History - World | 0 | 0 | 1 | 0 | -5 | 0.00 | 0 | 0 | 0.00 | 0.00 | |
| Literature - British | 0 | 0 | 1 | 0 | -5 | 0.00 | 0 | 0 | 0.00 | 0.00 | |
| Religion | 0 | 1 | 3 | 1 | -5 | 130 | 130.00 | 0 | 1 | 0.00 | 6.82 |